000 00251nam a2200097Ia 4500
008 120527s9999 xx 000 0 und d
100 _aUN. NATIONS,2004.Found
245 _aOur shared responsibility in larger freedom
260 _bU.N 2004
942 _cBK
999 _c25498
_d25498